000 00850nam a22002297a 4500
003 OSt
005 20250620071113.0
008 250619b |||||||| |||| 00| 0 eng d
020 _a978-621-427-234-1
040 _aDWCL - Main lib
_cOC
082 _aFil. 658.155 M539e 2025
100 _aMendoza, Ernesto H.
245 _aEnterprise risk management
_bcreating stronger governance and competitive edge/
_cErnesto H. Mendoza & Lorma S.P Garcia
250 _aSecond edition
260 _aIntramuros, Manila:
_bUnlimited Books Library Services & Publishing Inc.,
_c c2025.
300 _axi, 334 pages:
_billustrations;
_c25cm.
504 _aIncludes glossary and bibliographical references.
650 _a1. Risk management.
650 _a2. Business management.
700 _aGarcia, Lorma S.P
942 _2ddc
_cBK - FIL
_eSecond edition
_kFil
_n0
999 _c3176
_d3176